<?xml version="1.0" encoding="UTF-8"?><?xml-stylesheet type="text/xsl" href="static/style.xsl"?><OAI-PMH xmlns="http://www.openarchives.org/OAI/2.0/" xmlns:xsi="http://www.w3.org/2001/XMLSchema-instance" xsi:schemaLocation="http://www.openarchives.org/OAI/2.0/ http://www.openarchives.org/OAI/2.0/OAI-PMH.xsd"><responseDate>2026-06-05T14:28:50Z</responseDate><request verb="GetRecord" identifier="oai:riuma.uma.es:10630/33668" metadataPrefix="marc">https://riuma.uma.es/rest/oai/request</request><GetRecord><record><header><identifier>oai:riuma.uma.es:10630/33668</identifier><datestamp>2026-02-03T11:08:49Z</datestamp><setSpec>com_10630_2254</setSpec><setSpec>col_10630_37953</setSpec></header><metadata><record xmlns="http://www.loc.gov/MARC21/slim" xmlns:dcterms="http://purl.org/dc/terms/" xmlns:doc="http://www.lyncode.com/xoai" xmlns:xsi="http://www.w3.org/2001/XMLSchema-instance" xsi:schemaLocation="http://www.loc.gov/MARC21/slim http://www.loc.gov/standards/marcxml/schema/MARC21slim.xsd">
   <leader>00925njm 22002777a 4500</leader>
   <datafield ind2=" " ind1=" " tag="042">
      <subfield code="a">dc</subfield>
   </datafield>
   <datafield ind2=" " ind1=" " tag="720">
      <subfield code="a">Rando-Burgos, Esther</subfield>
      <subfield code="e">author</subfield>
   </datafield>
   <datafield ind2=" " ind1=" " tag="260">
      <subfield code="c">2023</subfield>
   </datafield>
   <datafield ind2=" " ind1=" " tag="520">
      <subfield code="a">En un escenario cambiante a un ritmo vertiginoso en el que las tecnologías de la información y comunicación continúan generando nuevos retos, pero en el que, además, ya existe un nuevo escenario que afecta a todos los ámbitos de la sociedad, las Administraciones públicas no son, ni pueden, permanecer ajenas. De la tradicional Administración en papel, pasamos a la Administración electrónica y hoy acudimos a la denominada Administración digital, cuando aún la anterior parecía no terminar de consolidarse, pero a la vez, cada vez con más fuerza, irrumpe la Inteligencia Artificial en el ámbito de la Administración pública. El objeto del presente trabajo es conocer de primera mano en qué medida está afectando la digitalización de la Administración, los cambios que conlleva en el seno de la misma pero también y, fundamental, para los ciudadanos, y todo ello unido a los&#xd;
nuevos retos a los que, en este escenario, se enfrenta la “Administración del siglo XXI”, en particular las principales bondades, pero también controversias que genera.</subfield>
   </datafield>
   <datafield ind1="8" ind2=" " tag="024">
      <subfield code="a">https://hdl.handle.net/10630/33668</subfield>
   </datafield>
   <datafield tag="653" ind2=" " ind1=" ">
      <subfield code="a">Derecho administrativo</subfield>
   </datafield>
   <datafield tag="653" ind2=" " ind1=" ">
      <subfield code="a">Administración pública</subfield>
   </datafield>
   <datafield tag="653" ind2=" " ind1=" ">
      <subfield code="a">Inteligencia artificial</subfield>
   </datafield>
   <datafield ind2="0" ind1="0" tag="245">
      <subfield code="a">Nuevos retos en la administración del siglo XXI: digitalización, inteligencia artificial y transformación administrativa.</subfield>
   </datafield>
</record>
</metadata></record></GetRecord></OAI-PMH>